000
00338pam a2200145a 44500
008
230405s2014 xxu||||| |||| 00| 0 eng d
041
_a
ENG
100
_a
PRASAD BALKRISHNA P
245
_a
OPEARTING SYSTEMS
260
_a
NEW DELHI
_b
SCITECH PUB
_c
2014
300
_a
P.B,MISE PAGE
650
_a
E&TC
690
_a
E&TC
906
_a
3697
999
_c
817892
_d
817892